| 000 | 00386 a2200181 4500 | ||
|---|---|---|---|
| 001 | 126158 | ||
| 020 | _a9788547200824 | ||
| 040 | _cEscola Canadense de Niteroi | ||
| 100 | _aMarcelo Moraes Paula | ||
| 245 | 1 | 0 | _aJornadas. Geo 9 |
| 250 | _a3 ed | ||
| 260 | _aSão Paulo | ||
| 300 |
_a336 p. _bil. |
||
| 362 | 0 | _a2016 | |
| 490 | 0 | _aJornadas | |
| 650 | 4 | _aGeografia | |
| 942 | _cBK | ||
| 999 |
_c126158 _d126158 |
||